Southampton FC Squad 2019-2020 - Statistics

General Stats
  • This quiz has been taken 14 times
  • The average score is 19 of 25
Answer Stats
# Position Nation Player % Correct
2 DF Portugal Cédric Soares
100%
16 MF England James Ward-Prowse
100%
3 DF Japan Maya Yoshida
100%
10 FW Scotland Ché Adams
92%
17 MF Scotland Stuart Armstrong
92%
1 GK England Alex McCarthy
85%
9 FW England Danny Ings
85%
5 DF England Jack Stephens
85%
35 DF Poland Jan Bednarek
85%
4 DF Denmark Jannik Vestergaard
85%
12 FW Mali Moussa Djenepo
85%
14 MF Spain Oriol Romeu
85%
23 MF Denmark Pierre-Emile Højbjerg
85%
21 DF England Ryan Bertrand
85%
7 FW Ireland Shane Long
85%
19 FW Morocco Sofiane Boufal
77%
- Coach Austria Ralph Hasenhüttl
69%
43 DF Tunisia Yan Valery
69%
28 GK England Angus Gunn
62%
20 FW Ireland Michael Obafemi
62%
22 FW England Nathan Redmond
62%
24 DF England Kyle Walker-Peters
54%
38 DF Austria Kevin Danso
46%
27 MF Ireland Will Smallbone
46%
45 DF England Sam McQueen
23%
No matching quizzes found
Score Distribution
Percent of People with Each Score
Percentile by Number Answered
Your Score History
You have not taken this quiz